Rediscovering the church fathers : (Record no. 9537)
[ view plain ]
| 000 -LEADER | |
|---|---|
| fixed length control field | 01936cam a2200385 a 4500 |
| 001 - CONTROL NUMBER | |
| control field | 16523028 |
| 003 - CONTROL NUMBER IDENTIFIER | |
| control field | GBCCL |
| 005 - DATE AND TIME OF LATEST TRANSACTION | |
| control field | 20241126110714.0 |
| 008 - FIXED-LENGTH DATA ELEMENTS--GENERAL INFORMATION | |
| fixed length control field | 101028s2011 ilu b 001 0 eng |
| 010 ## - | |
| -- | 2010045335 |
| 020 ## - INTERNATIONAL STANDARD BOOK NUMBER | |
| International Standard Book Number | 9781433510434 (tp) |
| 020 ## - INTERNATIONAL STANDARD BOOK NUMBER | |
| International Standard Book Number | 143351043X (tp) |
| 020 ## - INTERNATIONAL STANDARD BOOK NUMBER | |
| International Standard Book Number | 9781433510441 (PDF) |
| 020 ## - INTERNATIONAL STANDARD BOOK NUMBER | |
| International Standard Book Number | 1433510448 (PDF) |
| 020 ## - INTERNATIONAL STANDARD BOOK NUMBER | |
| International Standard Book Number | 9781433510458 (Mobipocket) |
| 020 ## - INTERNATIONAL STANDARD BOOK NUMBER | |
| International Standard Book Number | 1433510456 (Mobipocket) |
| 020 ## - INTERNATIONAL STANDARD BOOK NUMBER | |
| International Standard Book Number | 9781433523571 (ePub) |
| 020 ## - INTERNATIONAL STANDARD BOOK NUMBER | |
| International Standard Book Number | 1433523574 (ePub) |
| 035 ## - SYSTEM CONTROL NUMBER | |
| System control number | (OCoLC)ocn617425140 |
| 040 ## - CATALOGING SOURCE | |
| Original cataloging agency | DLC |
| Transcribing agency | DLC |
| Modifying agency | BTCTA |
| -- | CDC |
| -- | NVS |
| -- | DTM |
| -- | DLC |
| 042 ## - | |
| -- | pcc |
| 050 00 - | |
| -- | BR67 |
| -- | .H39 2011 |
| 082 00 - DEWEY DECIMAL CLASSIFICATION NUMBER | |
| Classification number | 270.1 |
| Edition information | 22 |
| Item number | HAY |
| 100 1# - MAIN ENTRY--PERSONAL NAME | |
| Personal name | Haykin, Michael A. G. |
| 9 (RLIN) | 16604 |
| 245 10 - TITLE STATEMENT | |
| Title | Rediscovering the church fathers : |
| Remainder of title | who they were and how they shaped the church / |
| Statement of responsibility, etc. | Michael A.G. Haykin. |
| 260 ## - PUBLICATION, DISTRIBUTION, ETC. | |
| Place of publication, distribution, etc. | Wheaton, Ill. : |
| Name of publisher, distributor, etc. | Crossway, |
| Date of publication, distribution, etc. | c2011. |
| 300 ## - PHYSICAL DESCRIPTION | |
| Extent | 172 p. ; |
| Dimensions | 23 cm. |
| 504 ## - BIBLIOGRAPHY, ETC. NOTE | |
| Bibliography, etc. note | Includes bibliographical references and index. |
| 505 0# - FORMATTED CONTENTS NOTE | |
| Formatted contents note | Rediscovering the church fathers : a vital need for evangelicals -- Dying for Christ : the thought of Ignatius of Antioch -- Sharing the truth : the Letter to Diognetus -- Interpreting the scriptures : the exegesis of Origen -- Being kissed : the eucharistic piety of Cyprian and Ambrose -- Being holy and renouncing the world : the experience of Basil Caesarea -- Saving the Irish : the mission of Patrick -- Walking with the church fathers : my first steps on a lifelong journey -- Appendix 1. Reading the fathers : a beginner's guide -- 2. Refelctions on Jaroslav Pelikan, The emergence of the Catholic tradition (100-600). |
| 650 #0 - SUBJECT ADDED ENTRY--TOPICAL TERM | |
| Topical term or geographic name entry element | Fathers of the church. |
| 9 (RLIN) | 3045 |
| 650 #0 - SUBJECT ADDED ENTRY--TOPICAL TERM | |
| Topical term or geographic name entry element | Church history |
| Chronological subdivision | Primitive and early church, ca. 30-600. |
| 9 (RLIN) | 965 |
| 906 ## - LOCAL DATA ELEMENT F, LDF (RLIN) | |
| a | 7 |
| b | cbc |
| c | orignew |
| d | 1 |
| e | ecip |
| f | 20 |
| g | y-gencatlg |
| 942 ## - ADDED ENTRY ELEMENTS (KOHA) | |
| Source of classification or shelving scheme | Dewey Decimal Classification |
| Koha item type | Books |
| Withdrawn status | Lost status | Source of classification or shelving scheme | Damaged status | Not for loan | Home library | Current Library | Shelving location | Date acquired | Total checkouts | Full call number | Barcode | Date last seen | Date last checked out | Copy number | Price effective from | Koha item type |
|---|---|---|---|---|---|---|---|---|---|---|---|---|---|---|---|---|
| Dewey Decimal Classification | GRACE BIBLE COLLEGE | GRACE BIBLE COLLEGE | Church History | 2023-03-14 | 1 | 270.1 HAY | 016029 | 2026-03-18 | 2026-02-25 | c.1 | 2023-03-14 | Books |